| 000 | 00904nam a2200277 i 4500 | ||
|---|---|---|---|
| 001 | 185582 | ||
| 003 | ES-MaACL | ||
| 005 | 20250812053013.0 | ||
| 008 | 160719s1999 sp a |||| | spa d | ||
| 020 | _a84-7774-590-0 | ||
| 080 | _a159.974(0:7) | ||
| 080 | _a7.01 | ||
| 100 | 1 |
_aClair, Jean. _938971 |
|
| 245 | 1 | 0 |
_aMalinconia _b: motivos saturninos en el arte de entreguerras ; [traducción de Lydia Vázquez] / _cJean Clair. |
| 260 |
_aMadrid : _bVisor, _c[1999] |
||
| 300 |
_a199 p. : _bil. ; _c24 cm. |
||
| 490 | 1 |
_aLa balsa de la Medusa ; _v90 |
|
| 500 | _aÍndices. | ||
| 650 | 4 |
_aMelancolía- _xEn el arte. _9160171 |
|
| 650 | 4 |
_aEstética- _yS.XX. _912540 |
|
| 650 | 7 |
_aArte- _yS.XX _2 _9141916 |
|
| 700 | 1 |
_aVázquez, Lydia. _9113372 |
|
| 830 | 0 | 3 |
_aLa balsa de la Medusa _v90 _9178610 |
| 852 |
_aES-MaACL _jL-30455 _z. - Donat. Miguel A. Velasco |
||
| 999 |
_c185582 _d185582 |
||